| 000 | 01012nam a22002657a 4500 | ||
|---|---|---|---|
| 001 | 8505 | ||
| 003 | FISKH | ||
| 005 | 20250916151542.0 | ||
| 008 | 250916b cb ||||| |||| 00| 0 eng d | ||
| 020 | _a9788183853781 | ||
| 040 |
_aFISKH _beng _cFISKH _dFISKH |
||
| 050 | _aPZ7 | ||
| 082 | _a595.7 | ||
| 100 | _aSah, Palavi | ||
| 245 | _aBugs world / | ||
| 260 |
_aNoida : _bBrijbasi, _c2007. |
||
| 300 |
_a42 unnumbered pages : _bcolor illustrations ; _c29 cm |
||
| 505 | _aR | ||
| 520 | _aThis children’s nonfiction book introduces readers to the fascinating world of bugs. Through simple text and vivid illustrations, it explains how different insects live, what they eat, how they grow, and the important roles they play in nature. Written for young learners, it encourages curiosity about the tiny creatures that share our environment. | ||
| 521 | 8 |
_a700
_bLexile estimate |
|
| 521 | 8 |
_aR
_bRaz-Plus |
|
| 650 |
_aBiology _vEncyclopedia _xInsects |
||
| 942 |
_2ddc _cBK _n0 |
||
| 999 |
_c8505 _d8505 |
||